[Event "SportAccord World Mind Games (Women, Blitz)"]
[Site "Beijing CHN"]
[Date "2013.12.15"]
[EventDate "2013.12.14"]
[Round "12.3"]
[Result "0-1"]
[White "Antoaneta Stefanova"]
[Black "Viktorija Cmilyte"]
[WhiteElo "2486"]
[BlackElo "2514"]
[PlyCount "122"]

1. d4 Nf6 2. Bg5 d5 3. e3 c5 4. c3 Ne4 5. Bf4 e6 6. f3 Nf6
7. Nd2 Nc6 8. Bb5 Nh5 9. Be5 f6 10. Bg3 Nxg3 11. hxg3 Bd6
12. f4 Bd7 13. Bd3 Qb6 14. Rb1 O-O-O 15. Qf3 cxd4 16. exd4 Qa5
17. Ne2 e5 18. Nb3 Qc7 19. Qxd5 exf4 20. gxf4 Bxf4 21. Bf5
Bg3+ 22. Kd1 Kb8 23. Bxd7 Rxd7 24. Qf3 Bd6 25. a3 h6 26. Kc2
Re8 27. Rbd1 Rde7 28. Rd2 Re3 29. Qf2 a5 30. Kb1 a4 31. Nbc1
Na5 32. Rh3 R3e4 33. Rc2 Nc4 34. Ka2 Qb6 35. Qf5 Rxe2 36. Nxe2
Rxe2 37. Rxe2 Qb3+ 38. Ka1 Qd1+ 39. Ka2 Qxe2 40. Qb1 Bxa3
41. Rg3 Bxb2 42. Qd3 Qxd3 43. Rxd3 Bc1 44. Rg3 g5 45. Rh3 g4
46. Rh1 Bg5 47. Re1 Be3 48. Rf1 Bg5 49. Re1 Kc7 50. Re6 b5
51. Ra6 h5 52. Ra7+ Kd6 53. Rb7 Kc6 54. Rb8 h4 55. Rh8 Ne3
56. Ka3 Nc2+ 57. Kb2 Ne3 58. Ka3 Nxg2 59. Kb4 h3 60. Rc8+ Kd7
61. Rh8 Bh4 0-1

[Event "SportAccord World Mind Games (Women, Blitz)"]
[Site "Beijing CHN"]
[Date "2013.12.15"]
[EventDate "2013.12.14"]
[Round "13.7"]
[Result "0-1"]
[White "Anna Muzychuk"]
[Black "Antoaneta Stefanova"]
[WhiteElo "2566"]
[BlackElo "2486"]
[PlyCount "120"]

1. e4 e5 2. Nf3 Nc6 3. Bb5 Nge7 4. O-O g6 5. c3 a6 6. Bc4 Bg7
7. d4 exd4 8. cxd4 b5 9. Bb3 O-O 10. Nc3 d6 11. h3 Na5 12. Bc2
Bb7 13. d5 c6 14. Bg5 h6 15. Bh4 Qd7 16. dxc6 Bxc6 17. Qe2 Nc4
18. Bb3 Rac8 19. Bxc4 bxc4 20. Rad1 Rfe8 21. Nd4 Bb7 22. Qd2
Kh7 23. Rfe1 Ng8 24. f3 Be5 25. Nc2 f5 26. Ne3 fxe4 27. fxe4
Bxc3 28. Qxc3 Rxe4 29. Bg3 d5 30. Ng4 d4 31. Qb4 Rce8 32. Rf1
Re2 33. Rd2 Qd5 34. Rf2 Rxd2 35. Qxd2 h5 36. Nf6+ Nxf6
37. Rxf6 c3 38. Qf2 Re7 39. bxc3 dxc3 40. Rf8 c2 41. Qxc2 Qe4
42. Qf2 Qd5 43. Kh2 Qe4 44. Bh4 Qe5+ 45. Bg3 Qe4 46. Qb2 Rg7
47. Be5 Rg8 48. Rf7+ Kh6 49. Rxb7 h4 50. Qd2+ g5 51. Qd6+ Kh5
52. Qd1+ g4 53. hxg4+ Rxg4 54. Qd2 Qxb7 55. Bd6 Qe4 56. Qa5+
Rg5 57. Qd2 h3 58. gxh3 Rd5 59. Qf4 Qe2+ 60. Kg3 Rd3+ 0-1

[Event "SportAccord World Mind Games (Women, Blitz)"]
[Site "Beijing CHN"]
[Date "2013.12.15"]
[EventDate "2013.12.14"]
[Round "14.2"]
[Result "0-1"]
[White "Antoaneta Stefanova"]
[Black "Alexandra Kosteniuk"]
[WhiteElo "2486"]
[BlackElo "2527"]
[PlyCount "126"]

1. Nf3 d5 2. g3 c6 3. Bg2 Bf5 4. O-O e6 5. d3 h6 6. Nbd2 Nd7
7. e4 Bh7 8. Qe2 Be7 9. Re1 Qc7 10. b3 dxe4 11. dxe4 Ngf6
12. Bb2 O-O 13. e5 Nd5 14. Ne4 Nc5 15. Nfd2 Nd7 16. c4 Nb4
17. Nf3 c5 18. Rad1 Rad8 19. Nd6 Nb8 20. a3 Nc2 21. Rf1 Nc6
22. Rd2 N2d4 23. Nxd4 Nxd4 24. Bxd4 cxd4 25. Rxd4 Bxd6
26. exd6 Rxd6 27. Rxd6 Qxd6 28. b4 b6 29. Rd1 Qc7 30. Be4 f5
31. Bg2 Re8 32. Rc1 e5 33. Bd5+ Kh8 34. c5 e4 35. c6 f4
36. Qg4 e3 37. Qd7 exf2+ 38. Kxf2 Qe5 39. Kg2 Bf5 40. Qf7 Qe2+
41. Kh1 f3 42. Rg1 f2 43. Qxf5 fxg1=Q+ 44. Kxg1 Qd2 45. Bg2
Qc1+ 46. Bf1 Qxc6 47. Bd3 g6 48. Qxg6 Qxg6 49. Bxg6 Re3 50. a4
Rb3 51. b5 Rb2 52. Be4 Ra2 53. Bc6 Kg7 54. h4 Kf6 55. Bg2 Rxa4
56. Kh2 a6 57. bxa6 Rxa6 58. Kh3 Ra3 59. Bc6 Rc3 60. Be8 Rc5
61. g4 b5 62. Kg3 b4 63. Ba4 b3 0-1

[Event "SportAccord World Mind Games (Women, Blitz)"]
[Site "Beijing CHN"]
[Date "2013.12.15"]
[EventDate "2013.12.14"]
[Round "15.8"]
[Result "1/2-1/2"]
[White "Anna Ushenina"]
[Black "Antoaneta Stefanova"]
[WhiteElo "2501"]
[BlackElo "2486"]
[PlyCount "81"]

1. Nf3 d5 2. c4 c6 3. e3 Nf6 4. Nc3 a6 5. b3 g6 6. Bb2 Bg7
7. Rc1 O-O 8. d4 Bg4 9. h3 Bxf3 10. Qxf3 b5 11. cxd5 cxd5
12. Bd3 Qd6 13. O-O Nbd7 14. Qe2 Rfc8 15. Rc2 Nb6 16. Rfc1
Nfd7 17. Nb1 e5 18. Ba3 Qe6 19. dxe5 Nxe5 20. Bc5 Nxd3
21. Qxd3 Nd7 22. Bd4 Ne5 23. Bxe5 Bxe5 24. Nd2 Rxc2 25. Rxc2
Rc8 26. Nf3 Rxc2 27. Qxc2 Bf6 28. Qc7 Kg7 29. Qb7 h5 30. a4
bxa4 31. bxa4 Qd6 32. Qb3 h4 33. Qd1 Qc5 34. Nd4 Bxd4 35. exd4
Qc3 36. Kh2 Qb2 37. Kg1 Qc3 38. Kh2 Qb2 39. Kg1 Qc3 40. Kh2
Qb2 41. Kg1 1/2-1/2

[Event "SportAccord World Mind Games (Women, Blitz)"]
[Site "Beijing CHN"]
[Date "2013.12.15"]
[EventDate "2013.12.14"]
[Round "16.1"]
[Result "0-1"]
[White "Kateryna Lahno"]
[Black "Antoaneta Stefanova"]
[WhiteElo "2543"]
[BlackElo "2486"]
[PlyCount "58"]

1. e4 e5 2. Nf3 Nc6 3. Nc3 Nf6 4. Be2 Bb4 5. Nd5 Nxd5 6. exd5
Ne7 7. Nxe5 Nxd5 8. O-O O-O 9. d4 Be7 10. c4 Nf6 11. d5 d6
12. Nf3 Nd7 13. Bd3 Nc5 14. Bc2 Bg4 15. b4 Bf6 16. Rb1 Nd7
17. Qd3 g6 18. Bh6 Re8 19. Rfe1 Bf5 20. Qd2 Bxc2 21. Qxc2
Rxe1+ 22. Rxe1 a5 23. a3 axb4 24. axb4 Ne5 25. Nxe5 Bxe5
26. h3 Qh4 27. Be3 f5 28. c5 Qxb4 29. cxd6 Qxe1# 0-1

[Event "SportAccord World Mind Games (Women, Blitz)"]
[Site "Beijing CHN"]
[Date "2013.12.15"]
[EventDate "2013.12.14"]
[Round "17.8"]
[Result "1/2-1/2"]
[White "Pia Cramling"]
[Black "Antoaneta Stefanova"]
[WhiteElo "2525"]
[BlackElo "2486"]
[PlyCount "32"]

1. d4 d5 2. Nf3 Nf6 3. c4 c6 4. Nc3 a6 5. a4 e6 6. g3 Be7
7. Bg2 a5 8. O-O O-O 9. Bf4 Na6 10. Ne5 dxc4 11. Nxc4 Nd5
12. Bd2 Ndb4 13. Bf4 Nd5 14. Bd2 Ndb4 15. Bf4 Nd5 16. Bd2 Ndb4
1/2-1/2

[Event "SportAccord World Mind Games (Women, Blitz)"]
[Site "Beijing CHN"]
[Date "2013.12.15"]
[EventDate "2013.12.14"]
[Round "19.7"]
[Result "0-1"]
[White "Elisabeth Paehtz"]
[Black "Antoaneta Stefanova"]
[WhiteElo "2452"]
[BlackElo "2486"]
[PlyCount "96"]

1. b3 Nf6 2. Bb2 d5 3. e3 g6 4. f4 Bg7 5. Nf3 O-O 6. g3 c5
7. Bg2 Nc6 8. O-O Be6 9. Qe2 Qc8 10. Re1 Bh3 11. Bh1 Re8
12. d3 Qd7 13. Nbd2 d4 14. e4 Ng4 15. Ng5 Ne3 16. Nxh3 Qxh3
17. Nf1 e5 18. Nxe3 dxe3 19. Bg2 Qd7 20. fxe5 Nd4 21. Bxd4
cxd4 22. c3 dxc3 23. Qxe3 Bxe5 24. Kh1 Rac8 25. Rac1 Red8
26. Bf1 Bd4 27. Qe2 Rc5 28. Rc2 a5 29. Qf3 b5 30. h4 Be5
31. Kh2 Qe7 32. Kh1 h5 33. Bh3 Qd6 34. Rf1 Rc7 35. Rd1 Bxg3
36. d4 Bxh4 37. Rxc3 Rxc3 38. Qxc3 Qf4 39. Bg2 Bg3 40. Qf3
Qh4+ 41. Kg1 Rc8 42. Qd3 b4 43. e5 Rc3 44. Qe2 Bh2+ 45. Kh1
Bxe5+ 46. Kg1 Bxd4+ 47. Kf1 Qf4+ 48. Ke1 Re3 0-1

[Event "SportAccord World Mind Games (Women, Blitz)"]
[Site "Beijing CHN"]
[Date "2013.12.15"]
[EventDate "2013.12.14"]
[Round "20.3"]
[Result "0-1"]
[White "Antoaneta Stefanova"]
[Black "Valentina Gunina"]
[WhiteElo "2486"]
[BlackElo "2509"]
[PlyCount "311"]

1. d4 d5 2. c4 e6 3. Nf3 Nf6 4. g3 Be7 5. Bg2 O-O 6. O-O dxc4
7. Ne5 Nc6 8. Bxc6 bxc6 9. Nxc6 Qe8 10. Nxe7+ Qxe7 11. Qc2 e5
12. Rd1 exd4 13. Rxd4 c5 14. Rxc4 Ba6 15. Rxc5 Bxe2 16. Nc3
Qxc5 17. Qxe2 Rfe8 18. Be3 Qf5 19. Rd1 Ng4 20. Rd5 Qe6 21. Rd3
Ne5 22. Rd4 Rad8 23. Rxd8 Rxd8 24. Bxa7 Qf5 25. Kg2 h5 26. h4
Nd3 27. a4 Qd7 28. Be3 Qb7+ 29. Kh2 Ne5 30. Qxh5 Nf3+ 31. Kh3
Re8 32. Qd5 Qxb2 33. Qxf3 Qxc3 34. Kg2 Qa5 35. Qg4 Kh7 36. h5
Ra8 37. h6 gxh6 38. Qe4+ Kg7 39. Qg4+ Kh7 40. Qe4+ Kg7
41. Qg4+ Kf6 42. Bxh6 Qd5+ 43. Qf3+ Qxf3+ 44. Kxf3 Rxa4
45. Be3 Kf5 46. Bf4 Ra3+ 47. Be3 Ra4 48. Bf4 Ke6 49. Be3 Kd5
50. Bf4 Ra3+ 51. Be3 Ra6 52. Kf4 Rf6+ 53. Kg5 Ke6 54. Kg4 Ke5
55. Kh3 Ke4 56. Kg2 Kd3 57. Bf4 Ke2 58. Be3 Rf3 59. Bd4 Ra3
60. Bc5 Rb3 61. Bd4 f5 62. Bc5 Rd3 63. Bb6 Rd6 64. Bc5 Rg6
65. Be3 Rg4 66. Bf4 Rg6 67. Be3 Rg8 68. Bf4 Ra8 69. Be3 Ra2
70. Bc5 Rc2 71. Bd4 Kd3 72. Be3 Ke4 73. Bb6 Re2 74. Ba7 Re1
75. Bb6 f4 76. gxf4 Kxf4 77. Be3+ Ke4 78. Bb6 Rb1 79. Ba7 Rb7
80. Be3 Rg7+ 81. Kf1 Kf3 82. Ke1 Rd7 83. Bc5 Rd5 84. Be3 Rd3
85. Bg5 Ra3 86. Be3 Ra2 87. Kd1 Ke4 88. Ke1 Rb2 89. Bg5 Rb5
90. Be3 Rb2 91. Bg5 Kf3 92. Be3 Ra2 93. Kd1 Ke4 94. Ke1 Rb2
95. Bg5 Rb5 96. Be3 Ra5 97. Ke2 Ra2+ 98. Bd2 Kd4 99. f3 Rb2
100. Ke1 Kd3 101. Bg5 Rg2 102. Bh6 Rh2 103. Bg5 Rh5 104. Bf4
Rf5 105. Bh6 Rxf3 106. Bg5 Rf5 107. Bh6 Re5+ 108. Kf2 Re2+
109. Kf3 Re6 110. Bf4 Rf6 111. Kg4 Ke4 112. Bd2 Rg6+ 113. Kh5
Rg2 114. Bc3 Rg3 115. Bb2 Kf4 116. Kh6 Kf5 117. Kh7 Rb3
118. Bd4 Rb4 119. Bc3 Rb6 120. Kg8 Rb7 121. Kf8 Rc7 122. Bb2
Ke6 123. Kg8 Rc2 124. Bd4 Ke7 125. Kg7 Rc4 126. Bb2 Rg4+
127. Kh6 Ke6 128. Kh5 Kf5 129. Kh6 Rg6+ 130. Kh7 Rb6 131. Bd4
Rd6 132. Bb2 Rd2 133. Bc3 Rc2 134. Bd4 Kg5 135. Kg7 Rc7+
136. Kf8 Kg6 137. Ke8 Kf5 138. Kf8 Rd7 139. Bb2 Rd2 140. Bc3
Rc2 141. Bd4 Ke6 142. Kg7 Rd2 143. Bc3 Rd3 144. Bb2 Kf5
145. Kf7 Rd7+ 146. Ke8 Rb7 147. Bc3 Kg6 148. Kd8 Kf7 149. Kc8
Rb5 150. Kd7 Rd5+ 151. Kc6 Ke6 152. Kb7 Kd7 153. Be1 Rb5+
154. Ka8 Rb3 155. Bf2 Kc7 156. Ba7 0-1

[Event "SportAccord World Mind Games (Women, Blitz)"]
[Site "Beijing CHN"]
[Date "2013.12.16"]
[EventDate "2013.12.14"]
[Round "21.6"]
[Result "0-1"]
[White "Zhao Xue"]
[Black "Antoaneta Stefanova"]
[WhiteElo "2568"]
[BlackElo "2486"]
[PlyCount "112"]

1. c4 c6 2. Nf3 d5 3. e3 Nf6 4. b3 g6 5. Bb2 Bg7 6. Be2 O-O
7. O-O Nbd7 8. d3 Re8 9. Nbd2 e5 10. cxd5 cxd5 11. Rc1 b6
12. Qc2 Ba6 13. Rfe1 Rc8 14. Qb1 Qe7 15. Bf1 Nh5 16. Rxc8 Rxc8
17. Rc1 Rxc1 18. Qxc1 e4 19. dxe4 Bxb2 20. Qxb2 Bxf1 21. Kxf1
dxe4 22. Nd4 Nhf6 23. Qc2 Nc5 24. Ke2 h5 25. g3 Ng4 26. h3 Nf6
27. b4 Ncd7 28. Nc6 Qe6 29. Nd4 Qxh3 30. Nxe4 Qg4+ 31. f3 Qh3
32. Qc8+ Kg7 33. Nxf6 Qg2+ 34. Kd3 Nxf6 35. Qc7 Qxa2 36. b5
Qa3+ 37. Kd2 Qxe3+ 38. Kxe3 Nd5+ 39. Ke4 Nxc7 40. Ke5 a6
41. bxa6 Nxa6 42. Kd6 Nb4 43. Kc7 Nd5+ 44. Kc6 Ne3 45. Kxb6
Kf6 46. Kc5 Ke5 47. Nc6+ Kf5 48. Nd4+ Ke5 49. Nc6+ Kf6 50. Nd4
Kg5 51. Ne2 Nc2 52. Kc4 Ne1 53. Ng1 h4 54. gxh4+ Kxh4 55. Kd4
Kg3 56. Ke5 Nxf3+ 0-1

[Event "SportAccord World Mind Games (Women, Blitz)"]
[Site "Beijing CHN"]
[Date "2013.12.16"]
[EventDate "2013.12.14"]
[Round "22.4"]
[Result "1-0"]
[White "Antoaneta Stefanova"]
[Black "Tatiana Kosintseva"]
[WhiteElo "2486"]
[BlackElo "2496"]
[PlyCount "57"]

1. d4 Nf6 2. Nf3 d5 3. e3 e6 4. Bd3 c5 5. c3 Nc6 6. Nbd2 Be7
7. O-O O-O 8. Ne5 Nxe5 9. dxe5 Nd7 10. f4 f5 11. b3 b6 12. e4
fxe4 13. Nxe4 dxe4 14. Bxe4 Ba6 15. Qh5 Rf5 16. Bxf5 exf5
17. Rd1 Qc7 18. Qxf5 Nf8 19. Be3 Bb7 20. Rd2 Qc6 21. Qg4 Re8
22. Rad1 Qe4 23. Re1 Ng6 24. Qe6+ Kh8 25. Qg4 Nxe5 26. Qh5 Ng6
27. f5 Qe5 28. Bf2 Nf4 29. Qxe8+ 1-0

[Event "SportAccord World Mind Games (Women, Blitz)"]
[Site "Beijing CHN"]
[Date "2013.12.16"]
[EventDate "2013.12.14"]
[Round "23.5"]
[Result "1-0"]
[White "Marie Sebag"]
[Black "Antoaneta Stefanova"]
[WhiteElo "2501"]
[BlackElo "2486"]
[PlyCount "148"]

1. e4 e5 2. Nf3 Nc6 3. Bb5 Nge7 4. c3 d6 5. d4 Bd7 6. O-O Ng6
7. dxe5 dxe5 8. Be3 Be7 9. Nbd2 O-O 10. Qe2 a6 11. Bc4 Bd6
12. Rfd1 h6 13. Bd5 Qe7 14. b4 Qf6 15. Nc4 Be7 16. a4 Bg4
17. b5 axb5 18. axb5 Rxa1 19. Rxa1 Nd8 20. Na5 Nh4 21. Qf1
Nxf3+ 22. gxf3 Bxf3 23. Qh3 h5 24. Nxb7 Nxb7 25. Bxb7 h4
26. Kf1 Bh5 27. Qf5 Qxf5 28. exf5 Bg4 29. Be4 Rd8 30. f3 Bh5
31. c4 f6 32. c5 Bf7 33. b6 cxb6 34. cxb6 Bc4+ 35. Kf2 Rb8
36. b7 Bd6 37. Ba7 Rf8 38. Rc1 Bb5 39. Rc8 Ba6 40. Rxf8+ Kxf8
41. b8=Q+ Bxb8 42. Bxb8 Ke7 43. Ke3 Bf1 44. Bc7 Bc4 45. Ba5
Kf7 46. Be1 Bb3 47. Bxh4 Bc4 48. Be1 Bb3 49. h4 Bc4 50. Kd2
Bb3 51. Kc3 Ba2 52. Kb4 Ke7 53. Kc5 Bb3 54. Kc6 Ba4+ 55. Kc7
Bb3 56. Bb4+ Kf7 57. Kd6 Bd1 58. Bd5+ Ke8 59. Ke6 Ba4 60. Kd6
Bd1 61. Bd2 Bc2 62. Be4 Bb3 63. h5 Bd1 64. h6 gxh6 65. Bxh6
Bb3 66. Bd5 Bc2 67. Be6 Bd1 68. Bg7 Bxf3 69. Bxf6 e4 70. Bd4
Bh5 71. Ke5 Ke7 72. f6+ Ke8 73. Kxe4 Bg6+ 74. Ke5 Bh5 1-0

[Event "SportAccord World Mind Games (Women, Blitz)"]
[Site "Beijing CHN"]
[Date "2013.12.16"]
[EventDate "2013.12.14"]
[Round "24.5"]
[Result "1-0"]
[White "Antoaneta Stefanova"]
[Black "Nana Dzagnidze"]
[WhiteElo "2486"]
[BlackElo "2557"]
[PlyCount "153"]

1. d4 Nf6 2. Nf3 e6 3. e3 b6 4. Bd3 Bb7 5. O-O c5 6. c4 Be7
7. Nc3 cxd4 8. exd4 d5 9. cxd5 Nxd5 10. Ne5 O-O 11. Qg4 Nf6
12. Qh4 Re8 13. Rd1 Nbd7 14. Bg5 Nf8 15. Bb5 N6d7 16. Qh5 g6
17. Bxe7 Qxe7 18. Qh6 Red8 19. Nxd7 Nxd7 20. Rd3 Nf8 21. Qf4
Rac8 22. Re1 Qc7 23. Qh6 a6 24. Ba4 Bd5 25. h4 b5 26. Bd1 b4
27. Nxd5 Rxd5 28. Bf3 Rf5 29. h5 Qc2 30. Rd2 Qc7 31. hxg6 hxg6
32. d5 exd5 33. Rxd5 Rxd5 34. Bxd5 Rd8 35. Bb3 a5 36. Qh4 Rd7
37. Re8 Qc1+ 38. Kh2 Qc7+ 39. g3 Kg7 40. Qe4 Qc5 41. Qe5+ Qxe5
42. Rxe5 Ra7 43. a4 bxa3 44. bxa3 Kf6 45. Rb5 Nd7 46. Kg2 Ne5
47. f4 Nd7 48. Kf3 Ke7 49. g4 f6 50. g5 f5 51. Bd5 a4 52. Bc6
Rc7 53. Bxd7 Rxd7 54. Ke3 Rc7 55. Kd3 Rd7+ 56. Ke3 Rc7 57. Kd3
Rd7+ 58. Kc4 Rd1 59. Rb4 Kd6 60. Rxa4 Rf1 61. Kb5 Kc7 62. Rc4+
Kb7 63. a4 Re1 64. Kc5 Rd1 65. Rd4 Re1 66. Kd5 Kc7 67. a5 Kd7
68. Ra4 Rd1+ 69. Ke5 Kc7 70. a6 Kb8 71. a7+ Ka8 72. Ra6 Re1+
73. Kf6 Re4 74. Kxg6 Rxf4 75. Kf7 Rg4 76. g6 f4 77. g7 1-0

[Event "SportAccord World Mind Games (Women, Blitz)"]
[Site "Beijing CHN"]
[Date "2013.12.16"]
[EventDate "2013.12.14"]
[Round "25.4"]
[Result "0-1"]
[White "Koneru Humpy"]
[Black "Antoaneta Stefanova"]
[WhiteElo "2607"]
[BlackElo "2486"]
[PlyCount "132"]

1. d4 d5 2. c4 c6 3. Nf3 Nf6 4. e3 a6 5. Bd3 Bg4 6. cxd5 cxd5
7. h3 Bxf3 8. Qxf3 e6 9. O-O Nc6 10. Nc3 Be7 11. Bd2 O-O
12. Rfc1 Rc8 13. Qd1 Na5 14. b3 Ba3 15. Rc2 Nc6 16. Nb1 Bd6
17. a3 Qe7 18. f4 a5 19. Raa2 Rc7 20. Bb5 Ra8 21. Be1 Ne4
22. Bd3 f5 23. Qh5 Rac8 24. Qe2 Qf8 25. Qd1 Qe7 26. Qf3 Qf8
27. Qd1 h6 28. a4 Bb4 29. Bf2 g5 30. Bb5 gxf4 31. exf4 Nxf2
32. Kxf2 Nxd4 33. Rxc7 Rxc7 34. Kg1 Qg7 35. Kh2 Bd6 36. Rf2
Nxb5 37. axb5 Qa1 38. Qe1 Qf6 39. Nd2 Rc2 40. Qd1 Rb2 41. Rf3
Kf8 42. Nf1 Qg7 43. Ng3 Ra2 44. Qc1 Qc7 45. Qe3 Qc2 46. Qg1
Bc5 47. Qf1 Rb2 48. Nh5 Rb1 49. Qd3 Qxd3 50. Rxd3 Ke7 51. g4
Rb2+ 52. Kg3 Bf2+ 53. Kf3 Bh4 54. gxf5 exf5 55. Rxd5 Rxb3+
56. Kg2 a4 57. Re5+ Kd7 58. Rxf5 a3 59. b6 Rxb6 60. Ra5 Ra6
61. Rd5+ Kc6 62. Rd1 a2 63. Ra1 Be1 64. f5 Bc3 65. f6 Bxa1
66. f7 Ra8 0-1

[Event "SportAccord World Mind Games (Women, Blitz)"]
[Site "Beijing CHN"]
[Date "2013.12.16"]
[EventDate "2013.12.14"]
[Round "26.6"]
[Result "1/2-1/2"]
[White "Antoaneta Stefanova"]
[Black "Yifan Hou"]
[WhiteElo "2486"]
[BlackElo "2629"]
[PlyCount "92"]

1. d4 e6 2. Nf3 Nf6 3. e3 b6 4. Bd3 Bb7 5. O-O d5 6. c4 Bd6
7. Nc3 a6 8. b3 O-O 9. Bb2 Nbd7 10. Qe2 Ne4 11. Nd2 Nxd2
12. Qxd2 dxc4 13. bxc4 c5 14. d5 exd5 15. Nxd5 Bxd5 16. cxd5
b5 17. f4 c4 18. Bc2 Rc8 19. Bd4 Bc5 20. Rad1 Qb6 21. e4 f6
22. Kh1 Bxd4 23. Qxd4 Qxd4 24. Rxd4 Rfe8 25. h3 Nc5 26. d6
Rcd8 27. Rfd1 Kf7 28. a4 Ke6 29. axb5 axb5 30. Rd5 Nb7 31. e5
fxe5 32. fxe5 b4 33. Rb5 b3 34. Be4 Nxd6 35. exd6 Rxd6
36. Bd5+ Kd7 37. Rf1 Rxd5 38. Rxd5+ Kc6 39. Rg5 Re3 40. Rf4 c3
41. Rc4+ Kd6 42. Rb5 b2 43. Kh2 Ke6 44. Rc6+ Kd7 45. Rc4 Kd6
46. Rc8 Re1 1/2-1/2

[Event "SportAccord World Mind Games (Women, Blitz)"]
[Site "Beijing CHN"]
[Date "2013.12.16"]
[EventDate "2013.12.14"]
[Round "27.3"]
[Result "1/2-1/2"]
[White "Viktorija Cmilyte"]
[Black "Antoaneta Stefanova"]
[WhiteElo "2514"]
[BlackElo "2486"]
[PlyCount "76"]

1. d4 d5 2. c4 c6 3. Nf3 Nf6 4. e3 Bf5 5. Nc3 a6 6. Bd3 Bxd3
7. Qxd3 e6 8. O-O Nbd7 9. e4 dxe4 10. Nxe4 Nxe4 11. Qxe4 Be7
12. Bf4 O-O 13. Rad1 Qa5 14. a3 Rfe8 15. Rfe1 Rad8 16. h3 Qh5
17. Bc7 Rc8 18. Bg3 Rcd8 19. Qe3 h6 20. Qb3 b5 21. cxb5 cxb5
22. Bc7 Rc8 23. Rc1 Nf6 24. Ne5 Nd5 25. Ba5 Qg5 26. Rcd1 Bd6
27. Qf3 Qf4 28. Qd3 Bxe5 29. dxe5 Rc4 30. b3 Rc6 31. Bd2 Qh4
32. Rc1 Rec8 33. Rxc6 Rxc6 34. Re4 Qh5 35. Re1 Qh4 36. Re4 Qh5
37. Re1 Qh4 38. Re4 Qh5 1/2-1/2

[Event "SportAccord World Mind Games (Women, Blitz)"]
[Site "Beijing CHN"]
[Date "2013.12.16"]
[EventDate "2013.12.14"]
[Round "28.7"]
[Result "1-0"]
[White "Antoaneta Stefanova"]
[Black "Anna Muzychuk"]
[WhiteElo "2486"]
[BlackElo "2566"]
[PlyCount "107"]

1. d4 f5 2. Bg5 h6 3. Bh4 g5 4. e3 Nf6 5. Bg3 d6 6. Nc3 e6
7. h4 Rg8 8. hxg5 hxg5 9. Nf3 Nc6 10. a3 Qe7 11. Bc4 Bd7
12. d5 exd5 13. Nxd5 Nxd5 14. Bxd5 Rg6 15. Qd3 O-O-O 16. O-O-O
Bg7 17. c3 Ne5 18. Qc2 c6 19. Ba2 Nxf3 20. gxf3 Be5 21. Bxe5
Qxe5 22. Rh7 Rf6 23. Rdh1 f4 24. e4 d5 25. Qa4 dxe4 26. fxe4
a6 27. Qd4 Qxd4 28. cxd4 g4 29. Rg7 Be6 30. e5 Bxa2 31. exf6
Rf8 32. Rh6 Be6 33. Re7 Bd5 34. Rg6 g3 35. fxg3 fxg3 36. f7
Bxf7 37. Rxg3 Bd5 38. Rge3 Kb8 39. Re8+ Rxe8 40. Rxe8+ Kc7
41. Kd2 a5 42. Ra8 Kb6 43. Kc3 Be6 44. b3 Bd5 45. a4 Be6
46. b4 axb4+ 47. Kxb4 Kc7 48. a5 Kd6 49. Rb8 Kc7 50. Rh8 Kd6
51. Rh6 Kd5 52. Rh7 Bc8 53. Rc7 Bf5 54. Rxb7 1-0

[Event "SportAccord World Mind Games (Women, Blitz)"]
[Site "Beijing CHN"]
[Date "2013.12.16"]
[EventDate "2013.12.14"]
[Round "29.2"]
[Result "1/2-1/2"]
[White "Alexandra Kosteniuk"]
[Black "Antoaneta Stefanova"]
[WhiteElo "2527"]
[BlackElo "2486"]
[PlyCount "129"]

1. e4 e5 2. Nf3 Nc6 3. Nc3 Nf6 4. Be2 a6 5. O-O Bd6 6. d4 exd4
7. Nxd4 Nxd4 8. Qxd4 Qe7 9. Qd3 Be5 10. Nd5 Nxd5 11. Qxd5 c6
12. Qb3 O-O 13. f4 Bc7 14. Bd3 b5 15. c3 c5 16. c4 bxc4
17. Qxc4 a5 18. Qc2 Ba6 19. Bxa6 Rxa6 20. Be3 d6 21. Rae1 Rb8
22. Bd2 a4 23. Bc3 Qd8 24. Qd3 Ra7 25. Qg3 f6 26. Rd1 Qe7
27. Qf3 Ba5 28. Rfe1 Bxc3 29. Qxc3 Rab7 30. Re2 Rb4 31. e5
dxe5 32. fxe5 fxe5 33. Rxe5 Qf6 34. Qxc5 Rxb2 35. Rde1 Qb6
36. Qxb6 R8xb6 37. Rf1 Rf6 38. Rxf6 gxf6 39. Rf5 Kg7 40. Rf2
a3 41. g3 h5 42. Kg2 Kg6 43. Kf3 Kg5 44. h3 h4 45. Rg2 Kh5
46. gxh4 Kxh4 47. Rg6 Rxa2 48. Rxf6 Rh2 49. Rh6+ Kg5 50. Ra6
Rxh3+ 51. Kg2 Rb3 52. Kf2 Kf4 53. Ke2 Ke4 54. Kd2 Kd4 55. Kc2
Rb2+ 56. Kc1 Rb3 57. Kc2 Rh3 58. Kb1 Kc4 59. Ra8 Kb4 60. Rb8+
Kc3 61. Ra8 Rh1+ 62. Ka2 Kb4 63. Rb8+ Kc3 64. Rb3+ Kc4
65. Rxa3 1/2-1/2

[Event "SportAccord World Mind Games (Women, Blitz)"]
[Site "Beijing CHN"]
[Date "2013.12.16"]
[EventDate "2013.12.14"]
[Round "30.8"]
[Result "1-0"]
[White "Antoaneta Stefanova"]
[Black "Anna Ushenina"]
[WhiteElo "2486"]
[BlackElo "2501"]
[PlyCount "95"]

1. d4 d5 2. c4 c6 3. cxd5 cxd5 4. Bf4 a6 5. Nc3 Nf6 6. e3 Nc6
7. Bd3 Bg4 8. Nge2 e6 9. Rc1 Rc8 10. O-O Be7 11. f3 Bh5
12. Na4 Nd7 13. Bg3 Bg6 14. Nf4 Bxd3 15. Nxd3 O-O 16. Rf2 Bg5
17. f4 Be7 18. Rfc2 Na7 19. b4 Rxc2 20. Rxc2 a5 21. a3 axb4
22. axb4 Nb5 23. Nac5 b6 24. Nxd7 Qxd7 25. Qc1 h6 26. h3 Ra8
27. Ne5 Qb7 28. Be1 Bd6 29. Qd1 Bxe5 30. fxe5 Na3 31. Rf2 Nc4
32. Rf3 Ra3 33. Bf2 Qa6 34. Kh2 Ra2 35. Rf4 Rd2 36. Qh5 Qa7
37. Qf3 Nb2 38. Bh4 Nd3 39. Rg4 Kf8 40. Qg3 g5 41. Bxg5 hxg5
42. Rxg5 Qa2 43. Rg8+ Ke7 44. Qg5+ Kd7 45. Qd8+ Kc6 46. Qe8+
Kb7 47. Qd7+ Ka6 48. Ra8# 1-0

[Event "SportAccord World Mind Games (Women, Basque)"]
[Site "Beijing CHN"]
[Date "2013.12.17"]
[EventDate "2013.12.17"]
[Round "1.1"]
[Result "0-1"]
[White "Antoaneta Stefanova"]
[Black "Yifan Hou"]
[WhiteElo "2486"]
[BlackElo "2629"]
[PlyCount "74"]

1. d4 Nf6 2. c4 e6 3. g3 d5 4. Nf3 dxc4 5. Bg2 a6 6. O-O Nc6
7. Nc3 Be7 8. e4 O-O 9. Qe2 b5 10. Rd1 Rb8 11. Bf4 Bb7 12. a4
b4 13. Nb1 Na5 14. Ne5 Nb3 15. Ra2 Nxd4 16. Qxc4 c5 17. Nd2 a5
18. Nb3 Qb6 19. Nxd4 cxd4 20. Qd3 Ba6 21. Nc4 Qc5 22. b3 e5
23. Bd2 Bxc4 24. bxc4 Nd7 25. f4 Qc7 26. Kh1 Nc5 27. Qb1 f6
28. f5 Qc6 29. g4 Nxa4 30. Qa1 Nc3 31. Rxa5 Nxd1 32. Qxd1 Qxc4
33. Bf1 d3 34. Rd5 Qxe4+ 35. Bg2 Qe2 36. Qb3 Kh8 37. Rxd3 Rfd8
0-1

[Event "SportAccord World Mind Games (Women, Basque)"]
[Site "Beijing CHN"]
[Date "2013.12.17"]
[EventDate "2013.12.17"]
[Round "1.2"]
[Result "1-0"]
[White "Yifan Hou"]
[Black "Antoaneta Stefanova"]
[WhiteElo "2629"]
[BlackElo "2486"]
[PlyCount "71"]

1. e4 e5 2. Nf3 Nc6 3. Bc4 Bc5 4. O-O Nf6 5. d3 O-O 6. h3 d6
7. c3 Bb6 8. Bb3 h6 9. Nbd2 Ne7 10. Re1 c6 11. d4 Ng6 12. Nf1
Be6 13. Bc2 Re8 14. Ng3 Qd7 15. Be3 Rad8 16. a4 Bc7 17. a5 a6
18. Qc1 d5 19. Bxh6 exd4 20. e5 Ne4 21. Nh5 Bxh3 22. Bxe4 Qg4
23. Ng3 Nxe5 24. Nxe5 Rxe5 25. gxh3 Qxh3 26. Bf4 dxe4 27. cxd4
Rxd4 28. Bxe5 Bxe5 29. Ra3 Bd6 30. Rb3 Qg4 31. Qe3 c5 32. Qe2
Qh4 33. Rd1 f5 34. Rxd4 cxd4 35. Qc4+ Kh7 36. Qxd4 1-0

[Event "SportAccord World Mind Games (Women, Basque)"]
[Site "Beijing CHN"]
[Date "2013.12.17"]
[EventDate "2013.12.17"]
[Round "2.1"]
[Result "1/2-1/2"]
[White "Antoaneta Stefanova"]
[Black "Tatiana Kosintseva"]
[WhiteElo "2486"]
[BlackElo "2496"]
[PlyCount "82"]

1. d4 Nf6 2. Nf3 d5 3. e3 c5 4. b3 Nc6 5. Bb2 Bg4 6. Nbd2 cxd4
7. exd4 e6 8. Be2 Be7 9. Ne5 Bxe2 10. Qxe2 Qc7 11. O-O O-O
12. c4 dxc4 13. bxc4 Nxe5 14. dxe5 Nd7 15. Rac1 Nc5 16. Ne4
Nxe4 17. Qxe4 Rfd8 18. Rc2 Rac8 19. h4 Qc6 20. Qg4 Qa4
21. Rfc1 Qxa2 22. h5 h6 23. Bd4 Qa4 24. Be3 Kh8 25. Qf3 Rd7
26. Rd2 Bf8 27. Rxd7 Qxd7 28. Rd1 Qc7 29. c5 Kg8 30. Rb1 Qxe5
31. Rxb7 Rc7 32. Rxc7 Qxc7 33. Qa8 Qd7 34. g3 Qd1+ 35. Kg2
Qxh5 36. Qd8 Qf5 37. Qc8 Qd5+ 38. Kh2 Qh5+ 39. Kg2 Qd5+
40. Kh2 Qh5+ 41. Kg2 Qd5+ 1/2-1/2